Čmele

Bibliographic Details
Main Author: Smetana, Vladimír, 1954- (Author)
Format: Article
Language:Slovak
ISBN:8085559099
Subjects:

MARC

LEADER 00000nab a2200000 a 4500
001 vtls000563779
003 SK-MaSNL
005 20260303013040.0
008 150501c1992 xo 0 slo
015 |a SNBRA19rr/mm-uuuuu 
035 |a CL0563917 
040 |a SNKBUCL  |b slo  |c SNKBUCL  |e AACR2 
041 0 |a slo 
044 |a xo  |c SK 
080 |a 595.799(234.372.3):591.9(234.372.3):502.4(437.6):502.4(437.1/.2)  |2 1981 
080 |a 591.9(234.372.3)  |2 1981 
080 |a 502.4(437.6)  |2 1981 
080 |a 502.4(437.1/.2)  |2 1981 
100 1 |a Smetana, Vladimír,  |d 1954-  |4 aut  |9 104564 
245 1 0 |a Čmele  |c Vladimír Smetana 
650 0 7 |a čmeľovité  |2 snkbucl  |9 81664 
651 7 |a Chráněná krajinná oblast Bílé Karpaty (Česko)  |2 snkbucl  |9 167199 
655 7 |a články zo zborníkov  |2 snkbucl  |9 166140 
773 0 |t Biele - Bílé Karpaty - chránená krajinná oblasť  |d Bratislava : Ekológia, 1992  |g S. 186-188  |z 8085559099 
773 0 |d Liptovský Mikuláš : Ústredie štátnej ochrany prírody 
850 |a Slovenská národná knižnica v Martine  |a MTA001 
852 |a SNK  |b KIS3GCP 
958 |a RK 
958 |a CZ 
958 |a SK 
992 |a RZB 
999 |c 1600433  |d 1602363